Kabale University Library Catalogue

Normal view MARC view
  • Hansen, Christine H

Entry Personal Name

Number of records used in: 1

001 - CONTROL NUMBER

  • control field: 14845

003 - CONTROL NUMBER IDENTIFIER

  • control field: OSt

005 - DATE AND TIME OF LATEST TRANSACTION

  • control field: 20260129105641.0

008 - FIXED-LENGTH DATA ELEMENTS

  • fixed length control field: 260129|| aca||aabn | a|a d

040 ## - CATALOGING SOURCE

  • Original cataloging agency: OSt
  • Transcribing agency: OSt

100 ## - HEADING--PERSONAL NAME

  • Personal name: Hansen, Christine H

670 ## - SOURCE DATA FOUND

  • Source citation: Work cat.: (OSt)5887: Myers, Anne. 14843, Experimental psychology /, c1993.

Kabale University Library | Kabale University P.O Box 317, Kabale, Uganda
Tel : +256754017033, +256774661503 E-mail : library@kab.ac.ug